Estonia Country Quiz - Statistics

General Stats
  • This quiz has been taken 15 times
  • The average score is 8 of 15
Answer Stats
Hint Answer % Correct
Main Language Estonian
100%
Independent Since 1991
83%
Borders Latvia
83%
Borders Russia
83%
Currency Euro
75%
Former Part of Soviet Union
75%
Capital Tallinn
75%
Main Ally Finland
58%
Number of Counties 15
50%
Tallest Mountain Suur Munamägi
25%
Current Leader Alar Karis
17%
Form of Government Republic
17%
Main Export Cars
8%
Global Firepower Rating (out of 145) 107
0%
Main Religion Nondenominational
0%
No matching quizzes found
Score Distribution
Percent of People with Each Score
Percentile by Number Answered
Your Score History
You have not taken this quiz